Best Beaches in the World, vol. 2 - Statistics

General Stats
  • This quiz has been taken 38 times
  • The average score is 9 of 15
Answer Stats
These "greatest beaches in the world" are... ...in these countries % Correct
Clearwater Beach USA
94%
Baia do Sancho Brazil
81%
Elafonissi Beach Greece
78%
La Concha Beach Spain
78%
Playa Norte Mexico
72%
Grace Bay UK
72%
Seven Mile Beach #1 UK
72%
Bournmouth Beach UK
72%
Veradero Beach Cuba
63%
Falesia Beach Portugal
56%
Seven Mile Beach #2 Jamaica
47%
Fig Tree Bay Cyprus
41%
Bavaro Beach Dominican Republic
34%
Anse Lazio Seychelles
28%
Eagle Beach Netherlands
22%
No matching quizzes found
Score Distribution
Percent of People with Each Score
Percentile by Number Answered
Your Score History
You have not taken this quiz